| 000 | 00811nam a22002412 4500 | ||
|---|---|---|---|
| 001 | 0000001133 | ||
| 005 | 20151217151807.0 | ||
| 008 | 070226s xx 000 0 eng d | ||
| 020 |
_a0800786130 : _cUSD 4.99 |
||
| 040 |
_aKABU _cKABU |
||
| 050 | 0 |
_aBV4910.34 _b.M56 |
|
| 100 | 1 |
_aMinirth, Frank B. _@0000149668 |
|
| 245 | 1 | 0 |
_a100 ways to overcome depression / _cFrank B. Minirth, States V. Skipper, Paul D. Meier. |
| 260 |
_aGrand Rapids, MI : _bBaker Books, _cc1979. |
||
| 300 |
_a100 p. ; _c18 cm. |
||
| 650 | 0 |
_aChristian life. _@0000149167 |
|
| 650 | 0 |
_aDepression, Mental _xReligious aspects _xChristianity. _@0000149577 |
|
| 700 | 1 |
_aSkipper, States V. _@0000149669 |
|
| 700 | 1 |
_aMeier, Paul D. _@0000149670 |
|
| 908 | _a070226 | ||
| 950 | _@1 | ||
| 999 |
_c5104 _d5104 |
||